[Event "Eastern Asia-ch U18"]
[Site "Tornelo INT"]
[Date "2021.10.30"]
[Round "6"]
[White "Indrajith, JAKNT"]
[Black "Mazhkenov, Alisher"]
[Result "0-1"]
[WhiteElo "1145"]
[BlackElo "1710"]
[PlyCount "102"]
[EventDate "2021.10.29"]
[EventType "swiss"]
[EventRounds "9"]
[EventCountry "NET"]
[SourceTitle "CBM 205 Extra"]
[Source "ChessBase"]
[SourceDate "2022.01.31"]
[SourceVersion "1"]
[SourceVersionDate "2022.01.31"]
[SourceQuality "1"]

1. d4 Nf6 2. e3 g6 3. Nf3 Bg7 4. Bd3 0-0 5. 0-0 c5 6. c3 b6 7. Nbd2 Bb7 8. Qe2 d5 9. Re1 Ne4 10. Nf1 Nc6 11. N3d2 Nxd2 12. Bxd2 e5 13. dxc5 bxc5 14. e4 d4 15. Bc4 Na5 16. cxd4 Nxc4 17. Qxc4 cxd4 18. Rac1 Qb6 19. Qb4 Rfc8 20. Ng3 Qxb4 21. Bxb4 Bh6 22. Rcd1 Rc2 23. Ba3 Rac8 24. Bd6 f6 25. Ba3 Bd2 26. Rxd2 Rxd2 27. Nf1 Rdc2 28. f3 Rc1 29. Rxc1 Rxc1 30. Kf2 Ba6 31. Nd2 Rc2 32. Ke1 d3 33. Kd1 Bc4 34. Nxc4 Rxc4 35. Kd2 Rc2+ 36. Kxd3 Rxg2 37. Kc3 Rxh2 38. Bc5 a6 39. a4 Rh3 40. Kb4 Rxf3 41. Ka5 Rb3 42. Ba3 h5 43. Kxa6 h4 44. a5 h3 45. Ka7 h2 46. Bc5 h1Q 47. a6 Qxe4 48. Bb6 Qc6 49. Ba5 Qc5+ 50. Ka8 Qc8+ 51. Ka7 Qb8# 0-1